000 00330nam a2200121Ia 4500
008 240731s9999 xx 000 0 und d
022 _a1939-3547
245 0 _aInformation Security Journal: A Global Perspective
260 _bTaylor & Francis
856 _uhttps://www.tandfonline.com/loi/uiss20
942 _2ddc
942 _cTFEJ
999 _c76955
_d76955
945 _a1
_bMadushi Gamage
_c1
_dMadushi Gamage